| 000 | 02137nam0a2200457 4500 | ||
|---|---|---|---|
| 001 | RU\NLR\bibl\1937210 | ||
| 005 | 20260405143420.0 | ||
| 010 |
_a978-5-9776-0064-4 _9700 |
||
| 021 |
_aRU _b2012-56852 _94163 |
||
| 035 | _a(nilc)LIBNET\0000138535 | ||
| 035 | _a(NLR Aleph) 001926505 | ||
| 090 |
_a3377109 _c3377109 |
||
| 100 | _a20110615d2012 |||y0rusy50 ca | ||
| 101 | 0 |
_arus _aeng |
|
| 102 | _aRU | ||
| 105 | _aa ||||||||| | ||
| 200 | 1 |
_aВнешнеторговый контракт _dContracts in foreign trade _eучебное пособие _e[для студентов экономических вузов] _fН. М. Громова _zeng |
|
| 205 | _a2-е изд., испр. | ||
| 210 |
_aМосква _cМАГИСТР _cИНФРА-М _d2012 |
||
| 215 |
_a140, [1] с. _cил. _d21 |
||
| 320 | _aБиблиогр. в подстроч. примеч. | ||
| 510 | 0 |
_6z11790 _aContracts in foreign trade _zeng |
|
| 606 | 1 |
_aВнешнеторговые сделки _jУчебные издания для высших учебных заведений _91273957 _3RU\NLR\auth\66206889 |
|
| 606 | 1 |
_aАнглийский язык _xУчебные издания для экономистов _92396228 _3RU\NLR\auth\661428668 |
|
| 610 | 1 | _aКонтракт внешнеторговый | |
| 610 | 1 | _aАнглийский язык | |
| 610 | 1 | _aИзучение языка | |
| 610 | 1 | _aСделка внешнеторговая | |
| 686 |
_a65.428-803я73 _vLBC/M _2rubbk |
||
| 686 |
_a67.932.111я73 _vLBC/M _2rubbk |
||
| 686 |
_a81.432.1-923 _vLBC/RL _2rubbk |
||
| 686 | _aХ932.211.12я73 | ||
| 686 | _aШ143.21-93рус329.3 | ||
| 700 | 1 |
_4070 _8rus _7ca _aГромова _bН. М. _cэкономист, филолог _gНаталья Михайловна _3RU\NLR\auth\7759135 _942067 |
|
| 790 | 1 |
_4070 _8rus _7ba _aGromova _bN. M. _cэкономист, филолог _gNatal'ja Michajlovna _3RU\NLR\auth\7759136 _942068 |
|
| 801 | 0 |
_aRU _bОмская ГОНБ _c20110615 _grcr |
|
| 801 | 1 |
_aRU _bОмская ГОНБ _c20110615 _grcr _2rusmarc |
|
| 801 | 2 |
_aRU _bNLR _c20120823 _grcr |
|
| 942 | _cBOOK | ||
| 980 | _aNB | ||